| 000 | 01769nam a22002417a 4500 | ||
|---|---|---|---|
| 005 | 20180529114633.0 | ||
| 008 | 150603n fr ||||frd||| 001 0 fre d | ||
| 040 | 0 |
_cSandra Yazo _dSandra Yazo |
|
| 041 | 0 | _afre | |
| 082 | 0 | 4 |
_220 _aR910.03 |
| 092 | _aE35N050 | ||
| 242 | 0 | 0 |
_aDiccionario de geografía antigua y moderna. Para uso de libreros y bibliófilos _cobra de un bibliófilo _yspa |
| 245 | 0 | 0 |
_aDictionnaire de Géographie ancienne et moderne à l’usage du libraire t de l’amateur de livres ... _cpar un bibliophile |
| 260 |
_aParís (Francia) _bDorbon-Ainé [Dorbon, el Mayor] _bSur l’imprimé de Firmin-Didot Frères, Fils et Cie. [Impreso por Firmín-Didot, hermanos e Hijos y Compañía] _c[fecha desconocida] |
||
| 300 |
_a1592 columnas _c24 x 15 cm. |
||
| 500 | _aDetalles físicos: Encuadernación rígida de calidad (holandesa) en cartón duro forrado en papel. Lomo en cuero, nervaduras sobre costuras y adornos en doradas. Guardas simulando papel de agua. Anteportada. Portada impresa en una sola tinta con varios tipos de letra y con la marca del editor. Texto impreso en dos columnas. Ejemplar en buen estado de conservación | ||
| 505 | 2 | _aNombres antiguos (griegos y romanos) de lugares europeos: provincias, ciudades, burgos, abadías, montes, ríos, lagos, con sus correspondientes equivalentes en algunas lenguas modernas ; Investigaciones muy completas sobre la tipografía y el origen de esos nombres ; Suplemento de adiciones y correcciones ; Diccionario francés – latín de estos nombres, a modo de índice | |
| 506 | _aConsulta en sala | ||
| 546 | _aTexto en francés | ||
| 650 | 7 |
_938338 _aGeografía _vDiccionarios y enciclopedias |
|
| 690 |
_aGeografía de Europa _926501 |
||
| 942 |
_2LOCAL _cLIBRO _e1 _hE35N050 |
||
| 999 |
_c299950 _d299950 |
||